Vlastnosti drevitého papiera po deacidifikácii s metyl metoxymagnéziumkarbonátom v nevodnom prostredí
Gespeichert in:
| 1. Verfasser: | |
|---|---|
| Format: | Buch |
| Sprache: | Slowakisch |
| Veröffentlicht: |
Martin
Žilinská univerzita Fakulta prírodných vied
2006
|
| Schlagworte: | |
| Online-Zugang: | Im OPAC anzeigen |
| Tags: |
Keine Tags, Fügen Sie das erste Tag hinzu!
|
MARC
| LEADER | 00000nam a2200000 a 4500 | ||
|---|---|---|---|
| 005 | 20260127134225.0 | ||
| 008 | 080519 2006 xo 000 0 slo d | ||
| 035 | |a vtls009295137 | ||
| 039 | 9 | |y 200805190955 |z mschk02 | |
| 040 | |a STUSCHK1 |b slo |c STUSCHK1 |e AACR2 | ||
| 100 | 1 | |a Bukovský, Vladimír, |d 1946- | |
| 245 | 1 | |a Vlastnosti drevitého papiera po deacidifikácii s metyl metoxymagnéziumkarbonátom v nevodnom prostredí |c Vladimír Bukovský | |
| 260 | |a Martin |b Žilinská univerzita Fakulta prírodných vied |c 2006 | ||
| 300 | |a 181 s. |b obr.,tab.,grafy,lit. |c 30 cm | ||
| 500 | |a Slovenská národná knižnica, Odbor reštaurovania a konzervovania dokumentov | ||
| 500 | |a Obháj.: 18.4. 2007 | ||
| 650 | 0 | |a papierové dokumenty |x záchrana |y stabilizácia |z konzervovanie | |
| 910 | |a SCHK95 | ||
| 999 | |c 7118 |d 7118 | ||